00652nam a2200169Ia 450000500170000000800410001702000150005808200150007324500810008826000420016930000190021150001080023070000260033894200060036495200970037099900150046720240731070013.0240331s9999 xx 000 0 und d a8185425191 bCRIa291.5 0aCriminal Gods and demon devotees :bessays on theguardians opopular Hinduism aNew DelhibManohar Publicationsc1990 axii, 491 p ., aThe book brings together 15 well researched a papers based on actual field work by well known scholars. aHiltebeitel, Alfeedt cL 001040708LaWERCLbWERCLcSSCd2024-03-31l0o 291.5 CRIp1086r2024-03-31w2024-03-31yL c1373d1373